|
|
|
|
| LEADER |
00714nam a22001931 4500 |
| 001 |
c000194517 |
| 003 |
CARM |
| 005 |
20021125001700.0 |
| 008 |
851003s1968 enk 0 eng d |
| 019 |
1 |
|
|a 3963895
|5 LACONCORD2021
|
| 035 |
|
|
|a (OCoLC)216894894
|5 LACONCORD2021
|
| 110 |
2 |
0 |
|a Nuffield Foundation.
|b Science Teaching Project.
|
| 245 |
1 |
0 |
|a Nuffield chemistry.
|
| 260 |
|
|
|a Lond. :
|b Longmans,
|c 1968.
|
| 650 |
|
0 |
|a Chemistry
|x Study and teaching (Secondary)
|
| 852 |
8 |
|
|b CARM
|h A2:AN01B0
|i B06330
|p 0295397
|f BK
|
| 082 |
0 |
4 |
|a 375.5
|
| 999 |
f |
f |
|i 935d60aa-e10d-597c-a3f4-354e23ab875f
|s 31fbab4d-4e96-5820-b104-d0326bbe5f93
|
| 952 |
f |
f |
|p Can circulate
|a CAVAL
|b CAVAL
|c CAVAL
|d CARM 1 Store
|e B06330
|f A2:AN01B0
|h Other scheme
|i book
|m 0295397
|